| 000 | 01765cad a22002895a 4500 | ||
|---|---|---|---|
| 001 | L160113 | ||
| 008 | 100611s2009 xxk f 000 0 eng d | ||
| 035 | _a(Sirsi) u160113 | ||
| 041 | 0 | _aeng | |
| 110 | 2 | _aFederation International Des Geometres | |
| 111 | 2 |
_aFIG Regional Conference _bHanoi, Vietnam _d19-22 October 2009 |
|
| 245 | 0 | 4 |
_aThe Hong Kong Satellite Positioning Reference Station Network (SatRef) _bSystem configurations, applications and services _h[electronic resource] |
| 260 |
_aHanoi _bFIG _c2009 |
||
| 520 | _aIntroduces the configuration, services and applications of the SatRef System. The SatRef System is able to collect GPS raw data continuously and provides round the clock (24X7) GPS correctional signals to users. The System services includes downloading of GPS raw data in RINEX format on Internet; real-time single-RTK, Network-RTK and DGPS data via GSM/GPRS mobile phone or Internet. Apart from GPS data delivery services, the System also provides an Automatic GPS Computation service to facilitate users to determine the positions they required by submitting their GPS observation data to the System. | ||
| 521 | _aAdvanced | ||
| 590 | _aKA | ||
| 650 | 2 | 4 | _aGPS |
| 650 | 2 | 4 | _aSATELLITE POSITIONING SYSTEMS |
| 650 | 2 | 4 |
_aINFRASTRUCTURE _96246 |
| 651 | 4 | _aHong Kong | |
| 690 |
_aGeomatics _96242 |
||
| 700 | 1 | _aChi-hung, Ben Li | |
| 700 | 1 | _aChan, Kin-kwok | |
| 856 | 4 | 0 |
_uhttps://www.fig.net/resources/proceedings/fig_proceedings/fig2007/papers/ts_5a/ts05a_04_chan_li_1332.pdf _zView the paper free of charge at www.fig.net |
| 856 | 4 | 0 |
_uhttps://www.rics.org/Global/Downloads/The_Hong_Kong_Satellite_Positioning_Reference_Station_Network_s_kwok.pdf _zView the presentation free of charge at www.rics.org |
| 942 |
_n0 _2ddc |
||
| 999 |
_c116228 _d116228 |
||